African pygmies

Αποθηκεύτηκε σε:
Λεπτομέρειες βιβλιογραφικής εγγραφής
Άλλοι συγγραφείς: Cavalli-Sforza, L. L. (Luigi Luca) 1922- (Επιμελητής έκδοσης)
Μορφή: Βιβλίο
Γλώσσα:English
Δημοσίευση: Orlando : Academic , 1986
Θέματα:
Ετικέτες: Προσθήκη ετικέτας
Δεν υπάρχουν, Καταχωρήστε ετικέτα πρώτοι!

MARC

LEADER 00000nam a2200000 i 4500
001 1/6349
008 960628s1986 eng d
020 |a 0-12-164481-2 
035 |l 10016322 
040 |a GR-MY-UA  |b gre  |e aacr 
041 0 |a eng 
082 0 |a 572.896 
245 1 0 |a African pygmies /  |c Edited by Luigi Luca Cavalli-Sforza 
260 |a Orlando :   |b Academic ,   |c 1986 
300 |a 461 p.  |b ill; fig; tables 
504 |a Includes bibliographical references and index 
650 0 0 |a Pygmies. 
650 0 0 |a Speeches, addresses, etc. 
700 1 |a Cavalli-Sforza, L. L.  |q (Luigi Luca)  |d 1922-  |4 edt 
852 |a INST  |b LESVOS  |e 19960628  |h 572.896 AFR  |p 005100009748  |q 005100009748  |t BK  |y 0 
909 |a Λ  |b 012381